| 000 | 00595nam a2200193 a 4500 | ||
|---|---|---|---|
| 005 | 20260225064009.0 | ||
| 008 | 991125s1977 mx 000 0 spa u | ||
| 035 | _aUPN01000056182 | ||
| 049 | _aCG | ||
| 050 | 4 |
_aP99 _bM3.88 |
|
| 100 | 1 |
_aMalmberg, Bertil, _d1913-1994 _929660 |
|
| 245 | 1 | 0 |
_aTeoría de los signos : _bintroducción a la problemática de los signos y los símbolos / _cBertil Malmberg ; tr. de Alejandro Licona. |
| 260 |
_aMéxico : _bSiglo XXI, _c1977. |
||
| 300 | _a219 p. | ||
| 440 | 0 | _aLingüística | |
| 650 | 2 |
_aSemiología _96047 |
|
| 650 | 4 | _aSIMBOLOS | |
| 905 | _aLibro | ||
| 999 |
_c56182 _d56182 |
||